Normal view
MARC view
- السيلاوي، هديل هاني حسين
Entry Personal Name
001 - CONTROL NUMBER
- control field: 65582
003 - CONTROL NUMBER IDENTIFIER
- control field: JO-AjAnu
005 - DATE AND TIME OF LATEST TRANSACTION
- control field: 20240625095036.0
008 - FIXED-LENGTH DATA ELEMENTS
- fixed length control field: 240625|| aca||aabn | a|a d
040 ## - CATALOGING SOURCE
- Original cataloging agency: JO-AjAnu
100 1# - HEADING--PERSONAL NAME
- Personal name: السيلاوي، هديل هاني حسين
- Relator term: معد